Cooperative R&D Versus R&D-Subsidies Cournot and Bertrand Duopolies

Salvato in:
Dettagli Bibliografici
Autore principale: Hinloopen, Jeroen
Natura: Libro
Lingua:inglese
Pubblicazione: Florence European University Institute 1995
Edizione:1. ed.
Serie:EUI Working Paper ECO No.95/26
Soggetti:
Tags: Aggiungi Tag
Nessun Tag, puoi essere il primo ad aggiungerne!!

MARC

LEADER 00000nam a2200000 4500
001 c013325
005 20221205132827.8
041 0 |a eng 
044 |a IT 
245 1 0 |a Cooperative R&D Versus R&D-Subsidies  |b Cournot and Bertrand Duopolies  |c Jeroen Hinloopen 
250 |a 1. ed. 
264 1 |a Florence  |b European University Institute  |c 1995 
300 |a 43 s. 
490 1 |a EUI Working Paper ECO  |v No.95/26 
830 0 |a EUI Working Paper ECO  |v No.95/26 
610 2 0 |a duopoly 
610 2 0 |a kooperácia 
610 2 0 |a výskum ekonomický 
610 2 0 |a vývoj vedeckotechnický 
610 2 0 |a dotácie 
100 1 |a Hinloopen, Jeroen